000 00586nam a2200193Ii 4500
003 JO-AjNU
008 230606s9999||||xx |||||||||||||| ||und||
020 _a0-7645-3423-8
040 _aJO-AjNU
_beng
_erda
_cJO-AjNU
041 _aeng
050 1 4 _aQA76.76.1999
245 0 0 _aTeach Youreself HTML Visually the fast and easy way to learn
264 3 1 _alondon:WILEY.1999
300 _a300p
336 _atext
_btxt
_2rdacontent
337 _aunmediated
_bn
_2rdamedia
338 _avolume
_bnc
_2rdacarrier
650 4 _aTeach Youreself HTML Visually the fast and easy way to learn
_91184
999 _aE623
_c623
_d623